000 00914cab a2200289 4500
001 ABS45866
008 090401t xxu||||| |||| 00| 0 eng d
035 _a(Sirsi) u55585
041 _aeng
100 _aPugh, C.
245 4 _aThe refurbishment of shopping centres
260 _c10(1) Winter 1991/92, 38-46(9)
350 _a0
490 _aProperty Management
_v10(1) Winter 1991/92, 38-46(9)
520 _aWith the aid of case studies, this paper reviews economic, financial and legal considerations relevant to investment in refurbishment in shopping centres.
650 _aECONOMICS
650 _aFEASIBILITY
650 _aOBSOLESCENCE
650 _aPROJECT APPRAISAL
650 _aREHABILITATION
650 _aRETAIL PROPERTY
650 _aSHOPPING CENTRES
690 _aRefurbishment
_96264
690 _aPROPERTY-COMMERCIAL PROPERTY-RETAIL PROPERTY
942 _n0
948 _c04/03/1997
999 _c33967
_d33967